00323nam a22001217a 450000500170000000800410001704000070005804100120006508200200007710000170009724500600011465000270017420240314163902.0240314b ||||| |||| 00| 0 eng d cAL aEnglish 223a615.1bPLAM aRizwan Shaik aCase Study on the Working of Plama Laboratories Limited aProject Report 1994-97